000 00299nam a2200121Ia 4500
008 221007s9999 xx 000 0 und d
041 _aeng
100 _aUniversity of Pune
_9100174
245 _aDiploma in Financial Services
260 _bPune University
_aPune
300 _a36p
906 _bGeneral
999 _c69637
_d69637